书目信息 |
| 题名: |
服装色彩搭配
|
|
| 作者: | 宁芳国 编著 | |
| 分册: | ||
| 出版信息: | 北京 中国纺织出版社 2019 |
|
| 页数: | 152页 | |
| 开本: | 26cm | |
| 丛书名: | “十三五”普通高等教育本科部委级规划教材 | |
| 单 册: | ||
| 中图分类: | TS941.11 | |
| 科图分类: | ||
| 主题词: | 服装色彩--fu zhuang se cai--设计--高等教育--教材 | |
| 电子资源: | ||
| ISBN: | 978-7-5180-3760-5 | |
| 000 | 01394nam 2200277 45 | |
| 001 | 012001003521 | |
| 005 | 20140102103711.0 | |
| 010 | @a978-7-5180-3760-5@dCNY59.80 | |
| 099 | @aCAL 012018062119 | |
| 100 | @a20180528d2018 em y0chiy50 ea | |
| 101 | 0 | @achi |
| 102 | @aCN@b110000 | |
| 105 | @aa z 000yy | |
| 106 | @ar | |
| 200 | 1 | @a服装色彩搭配@Afu zhuang se cai da pei@f宁芳国编著 |
| 210 | @a北京@c中国纺织出版社@d2019 | |
| 215 | @a152页@c彩图@d26cm | |
| 225 | 2 | @a“十三五”普通高等教育本科部委级规划教材@A“ shi san wu ” pu tong gao deng jiao yu ben ke bu wei ji gui hua jiao cai |
| 314 | @a宁芳国,2001年考入清华大学美术学院服装设计本科,现任国家大剧院服装设计制作组长、高级主管。 | |
| 330 | @a本书扮演着学习与应用的重要角色,对学生的专业学习具有特别的意义。本书在讲授色彩相关理论的同时,加入了大量设计案例,从实践的角度对色彩知识进行全面分析,力求揭示服装设计、服装搭配领域中的各种色彩规律,有助于深入理解和运用色彩知识。本书最后一章在前面诸内容的基础上,设置了拓展性实操练习,目的在于多维度激发学生寻找灵感图和灵感色,开阔学生进行服装色彩搭配的艺术视野与想象力,建立服装色彩搭配与大千世界的联系。 | |
| 410 | 0 | @12001 @a“十三五”普通高等教育本科部委级规划教材 |
| 606 | 0 | @a服装色彩@Afu zhuang se cai@x设计@x高等教育@j教材 |
| 690 | @aTS941.11@v5 | |
| 701 | 0 | @a宁芳国@ANing Fang Guo@4编著 |
| 801 | 2 | @aCN@b北京卓展@c20191020 |
| 905 | @b1211961-4@dTS941.11@e109@f4 | |
| 服装色彩搭配/宁芳国编著.-北京:中国纺织出版社,2019 |
| 152页:彩图;26cm.-(“十三五”普通高等教育本科部委级规划教材) |
| ISBN 978-7-5180-3760-5:CNY59.80 |
| 本书扮演着学习与应用的重要角色,对学生的专业学习具有特别的意义。本书在讲授色彩相关理论的同时,加入了大量设计案例,从实践的角度对色彩知识进行全面分析,力求揭示服装设计、服装搭配领域中的各种色彩规律,有助于深入理解和运用色彩知识。本书最后一章在前面诸内容的基础上,设置了拓展性实操练习,目的在于多维度激发学生寻找灵感图和灵感色,开阔学生进行服装色彩搭配的艺术视野与想象力,建立服装色彩搭配与大千世界的联系。 |
| ● |
| 相关链接 |
|
|
|
|
正题名:服装色彩搭配
索取号:TS941.11/109
 
预约/预借
| 序号 | 登录号 | 条形码 | 馆藏地/架位号 | 状态 | 备注 |
| 1 | 1211961 | 212119615 | 第二样本阅览室/ [索取号:TS941.11/109] | 在馆 | |
| 2 | 1211962 | 212119624 | 第三借阅区/ [索取号:TS941.11/109] | 在馆 | |
| 3 | 1211963 | 212119633 | 第三借阅区/ [索取号:TS941.11/109] | 在馆 | |
| 4 | 1211964 | 212119642 | 第三借阅区/ [索取号:TS941.11/109] | 在馆 |